000 00355nam a2200157Ia 4500
003 OSt
005 20240311111350.0
008 170523s9999 xx 000 0 und d
020 _a978-0761998402
040 _ciimtu meerut
100 _aJOSEPH- JEROME
245 0 _aINDUSTRIAL RELATIONS
260 _bRESPONSE BOOKS
260 _c2004
942 _2ddc
_c02
999 _c1320
_d1320